书目信息 |
| 题名: |
神采
|
|
| 作者: | 龚道国 著 | |
| 分册: | ||
| 出版信息: | 北京 作家出版社 2013.1 |
|
| 页数: | 213页,[1] 页图版 | |
| 开本: | 21cm | |
| 丛书名: | ||
| 单 册: | ||
| 中图分类: | I227.1 | |
| 科图分类: | ||
| 主题词: | 诗集--Shi Ji--中国--现代 , 中国--Zhong Guo | |
| 电子资源: | ||
| ISBN: | 978-7-5063-6807-0 | |
| 000 | 00886nam0 22002411 450 | |
| 001 | 349488 | |
| 005 | 20161010103138.68 | |
| 010 | @a978-7-5063-6807-0@dCNY26.00 | |
| 100 | @a20130417d2013 em y0chiy50 ea | |
| 101 | 0 | @achi |
| 102 | @aCN@b110000 | |
| 105 | @aaf z 000gy | |
| 106 | @ar | |
| 200 | 1 | @a神采@AShen Cai@f龚道国著 |
| 210 | @a北京@c作家出版社@d2013.1 | |
| 215 | @a213页,[1] 页图版@c图@d21cm | |
| 330 | @a《神采》是龚道国的第四部诗集。主要集结2008年以来的诗歌作品,此前作品亦有少量收录,但经过了必要的改造。这个集子全部以组诗的方式进行体现,更加注重外场与内心通过语境的诗意融会,注重自然物性与人性思想有效联系的诗化贯通,反映作者对诗歌创作及诗学认识的当下状态。 | |
| 606 | 0 | @a诗集@AShi Ji@y中国@z现代 |
| 606 | 0 | @a中国@AZhong Guo |
| 690 | @aI227.1@v5 | |
| 701 | 0 | @a龚道国@AGong Dao Guo@f1968-@4著 |
| 801 | 0 | @aCN@bTANGWEI@20160730 |
| 905 | @b0885265-9@dI227.1@e368@f5 | |
| 神采/龚道国著.-北京:作家出版社,2013.1 |
| 213页,[1] 页图版:图;21cm |
| ISBN 978-7-5063-6807-0:CNY26.00 |
| 《神采》是龚道国的第四部诗集。主要集结2008年以来的诗歌作品,此前作品亦有少量收录,但经过了必要的改造。这个集子全部以组诗的方式进行体现,更加注重外场与内心通过语境的诗意融会,注重自然物性与人性思想有效联系的诗化贯通,反映作者对诗歌创作及诗学认识的当下状态。 |
| ● |
| 相关链接 |
|
|
|
|
正题名:神采
索取号:I227.1/368
 
预约/预借
| 序号 | 登录号 | 条形码 | 馆藏地/架位号 | 状态 | 备注 |
| 1 | 0885265 | 208852650 | 第一样本阅览室/ [索取号:I227.1/368] | 在馆 | |
| 2 | 0885266 | 208852669 | 第二借阅区/ [索取号:I227.1/368] | 在馆 | |
| 3 | 0885267 | 208852678 | 教育系资料室/ [索取号:I227.1/368] | 在馆 | |
| 4 | 0885268 | 208852687 | 第二借阅区/ [索取号:I227.1/368] | 在馆 | |
| 5 | 0885269 | 208852696 | 教育系资料室/ [索取号:I227.1/368] | 在馆 |